<?xml version="1.0" encoding="UTF-8"?>
<record
    xmlns:xsi="http://www.w3.org/2001/XMLSchema-instance"
    xsi:schemaLocation="http://www.loc.gov/MARC21/slim http://www.loc.gov/standards/marcxml/schema/MARC21slim.xsd"
    xmlns="http://www.loc.gov/MARC21/slim">

  <leader>01629nam0a2200373 i 4500</leader>
  <controlfield tag="001">RU\NLR\BIBL_A\011098772</controlfield>
  <controlfield tag="005">20241104063650.0</controlfield>
  <datafield tag="010" ind1=" " ind2=" ">
    <subfield code="a">9785863752167</subfield>
    <subfield code="b">&#x420;&#x424;</subfield>
    <subfield code="9">1000</subfield>
  </datafield>
  <datafield tag="021" ind1=" " ind2=" ">
    <subfield code="a">RU</subfield>
    <subfield code="b">2016-22108</subfield>
    <subfield code="9">1397</subfield>
  </datafield>
  <datafield tag="035" ind1=" " ind2=" ">
    <subfield code="a">(NLR Aleph) 011098772</subfield>
  </datafield>
  <datafield tag="090" ind1=" " ind2=" ">
    <subfield code="a">11408200</subfield>
    <subfield code="c">11408200</subfield>
  </datafield>
  <datafield tag="100" ind1=" " ind2=" ">
    <subfield code="a">20160408d2016    u  y0rusy50      ca</subfield>
  </datafield>
  <datafield tag="101" ind1="1" ind2=" ">
    <subfield code="a">rus</subfield>
    <subfield code="c">eng</subfield>
  </datafield>
  <datafield tag="102" ind1=" " ind2=" ">
    <subfield code="a">RU</subfield>
  </datafield>
  <datafield tag="105" ind1=" " ind2=" ">
    <subfield code="a">y|||z|||000zy</subfield>
  </datafield>
  <datafield tag="200" ind1="1" ind2=" ">
    <subfield code="a">&#x411;&#x440;&#x430;&#x442;&#x44C;&#x44F; &#x438; &#x441;&#x451;&#x441;&#x442;&#x440;&#x44B;: &#x43C;&#x438;&#x444; &#x438; &#x440;&#x435;&#x430;&#x43B;&#x44C;&#x43D;&#x43E;&#x441;&#x442;&#x44C;</subfield>
    <subfield code="f">&#x413;&#x435;&#x43D;&#x440;&#x438; &#x410;&#x431;&#x440;&#x430;&#x43C;&#x43E;&#x432;&#x438;&#x447;</subfield>
    <subfield code="g">&#x43F;&#x435;&#x440;. &#x441; &#x430;&#x43D;&#x433;&#x43B;. &#x415;. &#x41A;&#x430;&#x43D;&#x447;&#x443;&#x440;&#x44B;</subfield>
  </datafield>
  <datafield tag="210" ind1=" " ind2=" ">
    <subfield code="a">&#x41C;&#x43E;&#x441;&#x43A;&#x432;&#x430;</subfield>
    <subfield code="c">&#x41A;&#x43B;&#x430;&#x441;&#x441;</subfield>
    <subfield code="d">2016</subfield>
  </datafield>
  <datafield tag="215" ind1=" " ind2=" ">
    <subfield code="a">197 &#x441;.</subfield>
    <subfield code="d">22</subfield>
  </datafield>
  <datafield tag="225" ind1="1" ind2=" ">
    <subfield code="a">7&#x42F;</subfield>
    <subfield code="i">&#x420;&#x43E;&#x434;&#x438;&#x442;&#x435;&#x43B;&#x438; / &#x434;&#x435;&#x442;&#x438;</subfield>
  </datafield>
  <datafield tag="300" ind1=" " ind2=" ">
    <subfield code="a">&#x417;&#x430;&#x433;&#x43B;. &#x438; &#x430;&#x432;&#x442;. &#x43E;&#x440;&#x438;&#x433;.: Brothers and sisters: myth and reality / Henry Abramovitch</subfield>
  </datafield>
  <datafield tag="300" ind1=" " ind2=" ">
    <subfield code="a">&#x41D;&#x430; 4-&#x439; &#x441;. &#x43E;&#x431;&#x43B;. &#x430;&#x432;&#x442;.: &#x413;&#x435;&#x43D;&#x440;&#x438; &#x410;&#x431;&#x440;&#x430;&#x43C;&#x43E;&#x432;&#x438;&#x447; - &#x43F;&#x440;&#x43E;&#x444;. &#x443;&#x43D;-&#x442;&#x430; &#x422;&#x435;&#x43B;&#x44C;-&#x410;&#x432;&#x438;&#x432;&#x430;, &#x43F;&#x440;&#x435;&#x43F;. &#x43C;&#x435;&#x434;. &#x448;&#x43A;.</subfield>
  </datafield>
  <datafield tag="320" ind1=" " ind2=" ">
    <subfield code="a">&#x411;&#x438;&#x431;&#x43B;&#x438;&#x43E;&#x433;&#x440;.: &#x441;. 179-195 &#x438; &#x432; &#x43A;&#x43E;&#x43D;&#x446;&#x435; &#x433;&#x43B;.</subfield>
  </datafield>
  <datafield tag="454" ind1=" " ind2="0">
    <subfield code="1">2001#$aBrothers and sisters: myth and reality</subfield>
    <subfield code="1">700#1$aAbramovitch$bH.$gHenry</subfield>
    <subfield code="t">Brothers and sisters: myth and reality</subfield>
    <subfield code="a">Abramovitch, Henry</subfield>
  </datafield>
  <datafield tag="606" ind1=" " ind2=" ">
    <subfield code="a">&#x421;&#x435;&#x43C;&#x435;&#x439;&#x43D;&#x44B;&#x435; &#x43E;&#x442;&#x43D;&#x43E;&#x448;&#x435;&#x43D;&#x438;&#x44F;</subfield>
    <subfield code="x">&#x41F;&#x441;&#x438;&#x445;&#x43E;&#x43B;&#x43E;&#x433;&#x438;&#x447;&#x435;&#x441;&#x43A;&#x438;&#x435; &#x438;&#x441;&#x441;&#x43B;&#x435;&#x434;&#x43E;&#x432;&#x430;&#x43D;&#x438;&#x44F;</subfield>
    <subfield code="9">2198837</subfield>
    <subfield code="3">RU\NLR\AUTH\661321411</subfield>
  </datafield>
  <datafield tag="606" ind1=" " ind2=" ">
    <subfield code="a">&#x414;&#x435;&#x442;&#x438;</subfield>
    <subfield code="x">&#x41F;&#x441;&#x438;&#x445;&#x43E;&#x430;&#x43D;&#x430;&#x43B;&#x438;&#x437;</subfield>
    <subfield code="9">953299</subfield>
    <subfield code="3">RU\NLR\AUTH\66354832</subfield>
  </datafield>
  <datafield tag="686" ind1="1" ind2=" ">
    <subfield code="a">&#x421;550.537</subfield>
  </datafield>
  <datafield tag="686" ind1="1" ind2=" ">
    <subfield code="a">&#x42E;984.92</subfield>
  </datafield>
  <datafield tag="686" ind1="1" ind2=" ">
    <subfield code="a">&#x42E;949.246</subfield>
  </datafield>
  <datafield tag="686" ind1="1" ind2=" ">
    <subfield code="a">&#x42E;983.7-953.6</subfield>
  </datafield>
  <datafield tag="700" ind1=" " ind2="1">
    <subfield code="a">&#x410;&#x431;&#x440;&#x430;&#x43C;&#x43E;&#x432;&#x438;&#x447;</subfield>
    <subfield code="b">&#x413;.</subfield>
    <subfield code="g">&#x413;&#x435;&#x43D;&#x440;&#x438;</subfield>
  </datafield>
  <datafield tag="942" ind1=" " ind2=" ">
    <subfield code="c">BOOK</subfield>
  </datafield>
  <datafield tag="980" ind1=" " ind2=" ">
    <subfield code="a">NBR</subfield>
  </datafield>
</record>
